Principles of electromagnetics / (Record no. 54214)

MARC details
000 -LEADER
fixed length control field 00928nam a22002777a 4500
005 - DATE AND TIME OF LATEST TRANSACTION
control field 20110722113555.0
008 - FIXED-LENGTH DATA ELEMENTS--GENERAL INFORMATION
fixed length control field 110722t xxu||||| |||| 00| 0 eng d
010 ## - LCCN (DPL NO)
LC control number ENG-103103
020 ## - INTERNATIONAL STANDARD BOOK NUMBER
International Standard Book Number 9780071072601
Terms of availability 365.00
020 ## - INTERNATIONAL STANDARD BOOK NUMBER
International Standard Book Number 0071072608
Terms of availability 365.00
035 ## - SYSTEM CONTROL NUMBER
System control number EN-86636
037 ## - SOURCE OF ACQUISITION
Source of stock number/acquisition DBAD / PUB
040 ## - CATALOGING SOURCE
Original cataloging agency dpl
Language of cataloging English
082 ## - DEWEY DECIMAL CLASSIFICATION NUMBER
Classification number 537
100 ## - MAIN ENTRY--PERSONAL NAME
Personal name Mahapatra, Sarat Chandra
9 (RLIN) 29868
245 ## - TITLE STATEMENT
Title Principles of electromagnetics /
Statement of responsibility, etc by Sarat Chandra Mahapatra [and] Sudipta Mahapatra
260 ## - PUBLICATION, DISTRIBUTION, ETC. (IMPRINT)
Place of publication, distribution, etc New Delhi
Name of publisher, distributor, etc Tata McGraw Hill
Date of publication, distribution, etc 2011
270 ## - ADDRESS
Address 7, West Patel Nagar
City New Delhi
Postal code 110002
300 ## - PHYSICAL DESCRIPTION
Extent xviii,724p. :
Dimensions 25cm (pbk)
Other physical details ill.
500 ## - GENERAL NOTE
General note Includes index
650 ## - SUBJECT ADDED ENTRY--TOPICAL TERM
9 (RLIN) 29869
651 ## - SUBJECT ADDED ENTRY--GEOGRAPHIC NAME
9 (RLIN) 1549
700 ## - ADDED ENTRY--PERSONAL NAME
9 (RLIN) 29871
Personal name Mahapatra, Sudipta
942 ## - ADDED ENTRY ELEMENTS (KOHA)
Source of classification or shelving scheme Dewey Decimal Classification
Item type English Books
Classification part 537
Call number suffix MAH
Holdings
Withdrawn status Lost status Source of classification or shelving scheme Damaged status Not for loan Collection code Home library Current library Date acquired Source of acquisition Cost, normal purchase price Total Checkouts Full call number Barcode Date last seen Copy number Cost, replacement price Koha item type
    Dewey Decimal Classification   Not For Loan Non-fiction D.B.Act.Division D.B.Act.Division 22/07/2011 DBAD/PUB 365.00   537 MAH EN-86636 22/07/2011 1 365.00 English Books

© Delhi Public Library
Hit Counter
free hit counter